[Event "Banff op"]
[Site "Banff"]
[Date "2023.11.10"]
[Round "1"]
[White "Pottinger, Carl"]
[Black "Booker, Brad"]
[Result "0-1"]
[WhiteElo "1719"]
[BlackElo "2026"]
[PlyCount "52"]
[EventDate "2023.11.10"]
[EventType "swiss"]
[EventRounds "6"]
[EventCountry "CAN"]
[SourceTitle "CB47_2023"]
[SourceDate "2023.11.22"]
[SourceVersion "1"]
[SourceVersionDate "2023.11.22"]
[SourceQuality "1"]

1. d4 Nf6 2. Nf3 g6 3. Nc3 d5 4. Bf4 Bg7 5. Qd2 h5 6. e3 Ne4 7. Nxe4 dxe4 8. Ne5 Bf5 9. Bc4 e6 10. Qb4 Qc8 11. Bb5+ c6 12. Nc4 Bf8 13. Bd6 cxb5 14. Bxf8 Nc6 15. Nd6+ Kxf8 16. Qxb5 Qc7 17. Nxb7 Kg7 18. Nc5 Rab8 19. Na6 Rxb5 20. Nxc7 Rxb2 21. 0-0 Rc8 22. Na6 Rxc2 23. Nc5 Nb4 24. a3 Nd3 25. Na6 Rb2 26. Nb4 a5 0-1

[Event "Canadian op"]
[Site "Calgary"]
[Date "2023.07.29"]
[Round "9"]
[White "Zhao, Erin"]
[Black "Pottinger, Carl"]
[Result "1-0"]
[WhiteElo "1557"]
[BlackElo "1865"]
[PlyCount "53"]
[EventDate "2023.07.22"]
[EventType "swiss"]
[EventRounds "10"]
[EventCountry "CAN"]
[SourceTitle "EXT 2024"]
[Source "ChessBase"]
[SourceDate "2023.10.10"]
[SourceVersion "1"]
[SourceVersionDate "2023.10.10"]
[SourceQuality "1"]

1. e4 c5 2. Nf3 d6 3. d4 cxd4 4. Nxd4 Nf6 5. Nc3 g6 6. Be2 Bg7 7. Be3 0-0 8. 0-0 Nc6 9. f4 Qb6 10. Qd3 Qxb2 11. a3 Qb6 12. Ne6 Qa5 13. Nxf8 Kxf8 14. Rab1 Ng4 15. Bxg4 Bxc3 16. Bxc8 Rxc8 17. Rb5 Qxa3 18. Rb3 Nb4 19. Rxa3 Nxd3 20. cxd3 b5 21. Rxa7 b4 22. Rb7 e6 23. Rc1 Rd8 24. Kf1 d5 25. Bc5+ Kg7 26. Bxb4 Bd4 27. Rcc7 1-0

[Event "Canadian op"]
[Site "Calgary"]
[Date "2023.07.25"]
[Round "5"]
[White "Su, Ethan"]
[Black "Pottinger, Carl"]
[Result "1-0"]
[WhiteElo "1954"]
[BlackElo "1865"]
[PlyCount "37"]
[EventDate "2023.07.22"]
[EventType "swiss"]
[EventRounds "10"]
[EventCountry "CAN"]
[SourceTitle "EXT 2024"]
[Source "ChessBase"]
[SourceDate "2023.10.10"]
[SourceVersion "1"]
[SourceVersionDate "2023.10.10"]
[SourceQuality "1"]

1. d4 Nf6 2. c4 e6 3. g3 d5 4. Nf3 b6 5. Bg2 Bb7 6. 0-0 Nbd7 7. b3 Be7 8. Nc3 0-0 9. Bb2 c5 10. cxd5 Nxd5 11. Qd2 N7f6 12. Rfd1 Nxc3 13. Qxc3 cxd4 14. Nxd4 Nd5 15. Bxd5 Qxd5 16. Nc6 Qxd1+ 17. Rxd1 Bf6 18. Ne7+ Kh8 19. Qxf6 1-0

[Event "Canadian op"]
[Site "Calgary"]
[Date "2023.07.24"]
[Round "4"]
[White "Pottinger, Carl"]
[Black "Aluko, Lare"]
[Result "1-0"]
[WhiteElo "1865"]
[BlackElo "1570"]
[PlyCount "108"]
[EventDate "2023.07.22"]
[EventType "swiss"]
[EventRounds "10"]
[EventCountry "CAN"]
[SourceTitle "EXT 2024"]
[Source "ChessBase"]
[SourceDate "2023.10.10"]
[SourceVersion "1"]
[SourceVersionDate "2023.10.10"]
[SourceQuality "1"]

1. d4 d5 2. Nf3 e6 3. Bf4 Bd6 4. Bg3 f5 5. e3 Nf6 6. Nbd2 0-0 7. c4 c6 8. c5 Bc7 9. Bd3 Nbd7 10. 0-0 Ne4 11. b4 a6 12. a4 Bxg3 13. hxg3 Qf6 14. b5 axb5 15. axb5 Rxa1 16. Qxa1 g5 17. bxc6 bxc6 18. Qa8 g4 19. Bxe4 dxe4 20. Ne5 Nxe5 21. dxe5 Qd8 22. Nc4 Qc7 23. Nd6 Bd7 24. Qa2 Kg7 25. Rb1 Rb8 26. Rb3 Rxb3 27. Qxb3 Qd8 28. Qb6 Qe7 29. Qa7 Kf8 30. Qb8+ Kg7 31. Qc7 Kf8 32. Nb7 Be8 33. Qd6 Bd7 34. Na5 Qxd6 35. cxd6 c5 36. Kf1 Bb5+ 37. Ke1 Ke8 38. Nb7 c4 39. Nc5 Kf7 40. Kd2 Bc6 41. Kc3 Bd5 42. Na4 Bc6 43. Nb6 Bb5 44. Nxc4 Ke8 45. Kb4 Ba6 46. Kc5 Kd8 47. Na5 Kd7 48. Kb6 Bc8 49. Nb3 h5 50. Nc5+ Kd8 51. Nb3 h4 52. gxh4 Bd7 53. Nc5 Be8 54. Nxe6+ Kd7 1-0

[Event "Canadian op"]
[Site "Calgary"]
[Date "2023.07.22"]
[Round "1"]
[White "Ng, Gary"]
[Black "Pottinger, Carl"]
[Result "1-0"]
[WhiteElo "2213"]
[BlackElo "1865"]
[PlyCount "65"]
[EventDate "2023.07.22"]
[EventType "swiss"]
[EventRounds "10"]
[EventCountry "CAN"]
[SourceTitle "EXT 2024"]
[Source "ChessBase"]
[SourceDate "2023.10.10"]
[SourceVersion "1"]
[SourceVersionDate "2023.10.10"]
[SourceQuality "1"]

1. b4 d5 2. Bb2 e6 3. e3 Nf6 4. a3 Be7 5. Nf3 a5 6. b5 c5 7. c4 dxc4 8. Bxc4 0-0 9. 0-0 b6 10. Qe2 Bb7 11. Rd1 Qc7 12. Nc3 Nbd7 13. Rac1 Rad8 14. h3 Ne4 15. Na4 Bf6 16. d4 Be7 17. Bd3 Ndf6 18. Ne5 Nd7 19. Nxd7 Rxd7 20. Bxe4 Bxe4 21. dxc5 Rxd1+ 22. Qxd1 Rd8 23. Qg4 Bg6 24. cxb6 Qd6 25. b7 Qb8 26. Qf3 e5 27. Qc6 Bf5 28. Nb6 h6 29. e4 Be6 30. Nc8 Bf6 31. Qc7 Rd1+ 32. Kh2 Qxc7 33. Rxc7 1-0

[Event "Winnipeg TNT September op"]
[Site "Winnipeg"]
[Date "2012.09.04"]
[Round "1"]
[White "Li, Kevin"]
[Black "Pottinger, Carl"]
[Result "1-0"]
[WhiteElo "2213"]
[BlackElo "1827"]
[PlyCount "85"]
[EventDate "2012.09.04"]
[EventType "swiss"]
[EventRounds "4"]
[EventCountry "CAN"]
[SourceTitle "EXT 2022"]
[Source "ChessBase"]
[SourceDate "2021.10.06"]
[SourceVersion "1"]
[SourceVersionDate "2021.10.06"]
[SourceQuality "1"]

1. e4 c5 2. Nf3 d6 3. d4 cxd4 4. Nxd4 Nf6 5. Nc3 g6 6. Be3 Bg7 7. f3 0-0 8. Qd2 Nc6 9. 0-0-0 d5 10. exd5 Nxd5 11. Nxc6 bxc6 12. Bd4 Nxc3 13. Qxc3 Bxd4 14. Rxd4 Qb6 15. Bc4 Ba6 16. h4 Rfd8 17. Re4 Bxc4 18. Qxc4 Rd7 19. h5 Rad8 20. hxg6 hxg6 21. Qc3 f6 22. Reh4 Qb5 23. Qe3 Qe5 24. Qxe5 fxe5 25. Re4 Rd2 26. Rxe5 Rxg2 27. Rd1 Rf8 28. Rd3 Kf7 29. Rde3 Rh8 30. Rxe7+ Kf6 31. R7e6+ Kf5 32. b3 Rhh2 33. Rxc6 Kf4 34. Rec3 g5 35. R6c4+ Kg3 36. f4+ Kf2 37. fxg5 Rxg5 38. Rd3 Rh1+ 39. Kb2 a5 40. Rf4+ Ke2 41. Re4+ Kf2 42. Red4 Rh8 43. Rd5 1-0

[Event "Winnipeg TNT August op"]
[Site "Winnipeg"]
[Date "2012.08.14"]
[Round "2"]
[White "Pottinger, Carl"]
[Black "Campbell, Jamie"]
[Result "1/2-1/2"]
[WhiteElo "1838"]
[BlackElo "1589"]
[PlyCount "124"]
[EventDate "2012.08.07"]
[EventType "swiss"]
[EventRounds "4"]
[EventCountry "CAN"]
[SourceTitle "EXT 2022"]
[Source "ChessBase"]
[SourceDate "2021.10.06"]
[SourceVersion "1"]
[SourceVersionDate "2021.10.06"]
[SourceQuality "1"]

1. c4 c5 2. g3 g6 3. Bg2 Bg7 4. Nc3 Nc6 5. e4 e6 6. Nge2 Nge7 7. 0-0 0-0 8. d3 d6 9. Be3 Bd7 10. Qd2 Rb8 11. Rad1 Nd4 12. Bxd4 cxd4 13. Nb5 Qb6 14. a4 a6 15. a5 Qc6 16. Nbxd4 Qc7 17. b4 b6 18. Rb1 bxa5 19. bxa5 e5 20. Nc2 Ba4 21. Ne3 Rxb1 22. Rxb1 Rb8 23. Rb4 Rxb4 24. Qxb4 Bd7 25. Nc3 Nc6 26. Qb6 Qxb6 27. axb6 Bc8 28. Bf3 f5 29. exf5 Bb7 30. fxg6 hxg6 31. Ned5 Kf8 32. Nc7 Ke7 33. Nxa6 e4 34. Nd5+ Kd8 35. Nac7 exf3 36. Ne6+ Kc8 37. Nxg7 Ne5 38. Nf4 g5 39. Ng6 g4 40. Nf5 Kd7 41. Nf4 Kc6 42. Nd5 Nxd3 43. Nfe3 Ne5 44. Nf6 Bc8 45. Nfd5 Kc5 46. Ne7 Bb7 47. h4 gxh3 48. Kh2 Kxb6 49. Kxh3 Kc7 50. N7d5+ Kd7 51. g4 Ke8 52. Kg3 Kf7 53. Kf4 Ba6 54. Nc3 Nxc4 55. Nxc4 Bxc4 56. Kxf3 Kg6 57. Kf4 d5 58. f3 d4 59. Ne4 d3 60. Ke3 Ba6 61. Nc5 Bc8 62. Nxd3 Kg5 1/2-1/2

[Event "Winnipeg MCA Champions"]
[Site "Winnipeg"]
[Date "2011.11.29"]
[Round "5"]
[White "Pottinger, Carl"]
[Black "Kaptsan, Aron"]
[Result "1-0"]
[WhiteElo "1994"]
[BlackElo "2043"]
[PlyCount "69"]
[EventDate "2011.11.01"]
[EventType "swiss"]
[EventRounds "6"]
[EventCountry "CAN"]
[SourceTitle "EXT 2019"]
[Source "ChessBase"]
[SourceDate "2018.10.10"]
[SourceVersion "1"]
[SourceVersionDate "2018.10.10"]
[SourceQuality "1"]

1. d4 Nf6 2. c4 g6 3. Nf3 Bg7 4. g3 0-0 5. Bg2 d6 6. 0-0 Nbd7 7. Nc3 e5 8. e4 Re8 9. Re1 exd4 10. Nxd4 a5 11. h3 c6 12. Be3 Nc5 13. Qc2 a4 14. Rad1 Nfd7 15. f4 Qa5 16. Kh2 a3 17. b3 Na6 18. Nde2 Nb4 19. Qb1 Qc7 20. Bd4 Nf8 21. Bxg7 Kxg7 22. Rd2 f5 23. Red1 fxe4 24. Nxe4 d5 25. Qa1+ Kh6 26. Nf6 Be6 27. Nxe8 Rxe8 28. cxd5 Bxd5 29. Ng1 Ne6 30. Qc1 Bxg2 31. Kxg2 Qb6 32. Re2 Kg7 33. Rd7+ Kg8 34. f5 gxf5 35. Qh6 1-0

[Event "Winnipeg TNT September"]
[Site "Winnipeg"]
[Date "2011.09.13"]
[Round "1"]
[White "Afolabi, Damola"]
[Black "Pottinger, Carl"]
[Result "0-1"]
[WhiteElo "1544"]
[BlackElo "1916"]
[PlyCount "94"]
[EventDate "2011.09.06"]
[EventType "swiss"]
[EventRounds "4"]
[EventCountry "CAN"]
[SourceTitle "EXT 2023"]
[Source "ChessBase"]
[SourceDate "2022.10.05"]
[SourceVersion "1"]
[SourceVersionDate "2022.10.05"]
[SourceQuality "1"]

1. e4 c5 2. c3 d5 3. exd5 Qxd5 4. Nf3 Nf6 5. Be2 Nc6 6. c4 Qd8 7. 0-0 g6 8. d3 Bg7 9. Nc3 0-0 10. Be3 b6 11. Ng5 Bb7 12. Rb1 Nd4 13. Nge4 Qd7 14. Bxd4 Qxd4 15. Bf3 Nxe4 16. Nxe4 Rad8 17. Nf6+ Bxf6 18. Bxb7 Qxd3 19. Qxd3 Rxd3 20. Rfd1 Rfd8 21. Rxd3 Rxd3 22. a4 Bd4 23. Kf1 Rd2 24. b4 Rxf2+ 25. Ke1 Rc2 26. bxc5 Bxc5 27. Rd1 Rxc4 28. Rd8+ Kg7 29. Kd2 Rxa4 30. Kc3 b5 31. Bc6 Ra3+ 32. Kb2 b4 33. Be4 a5 34. Rd3 Rxd3 35. Bxd3 a4 36. Bb5 Bd4+ 37. Ka2 a3 38. Bc4 e5 39. g4 f5 40. h3 e4 41. h4 Kh6 42. Bd5 fxg4 43. Bxe4 Kh5 44. Bd5 Kxh4 45. Kb1 g3 46. Kc1 Kh3 47. Kd1 Kh2 0-1

[Event "Winnipeg TNT August op"]
[Site "Winnipeg"]
[Date "2011.08.23"]
[Round "3"]
[White "Pottinger, Carl"]
[Black "Reimer, Bruce"]
[Result "1-0"]
[WhiteElo "1883"]
[BlackElo "1669"]
[PlyCount "81"]
[EventDate "2011.08.09"]
[EventType "swiss"]
[EventRounds "4"]
[EventCountry "CAN"]
[SourceTitle "EXT 2022"]
[Source "ChessBase"]
[SourceDate "2021.10.06"]
[SourceVersion "1"]
[SourceVersionDate "2021.10.06"]
[SourceQuality "1"]

1. c4 e5 2. g3 Nc6 3. Bg2 f5 4. Nc3 Nf6 5. a3 a5 6. e3 Bc5 7. Nge2 0-0 8. 0-0 d6 9. d4 Ba7 10. d5 Ne7 11. b4 Bd7 12. b5 Qe8 13. Bd2 Ng4 14. h3 Nf6 15. Kh2 g5 16. Na4 Bb6 17. Nec3 Ng6 18. Ne2 h5 19. Rc1 h4 20. Nac3 g4 21. e4 fxe4 22. Nxe4 Nxe4 23. Bxe4 Rxf2+ 24. Rxf2 Bxf2 25. Qf1 hxg3+ 26. Nxg3 Bxg3+ 27. Kxg3 gxh3 28. Qf6 Nf4 29. Qg5+ Kf7 30. Bxf4 exf4+ 31. Kf3 Qg8 32. Qxf4+ Ke7 33. Qh4+ Ke8 34. Ke3 Qg7 35. Kd3 Qe7 36. Qh8+ Qf8 37. Bg6+ Ke7 38. Re1+ Be6 39. Rxe6+ Kd7 40. Qh7+ Kd8 41. Re8+ 1-0

[Event "Winnipeg TNT August op"]
[Site "Winnipeg"]
[Date "2011.08.16"]
[Round "2"]
[White "Zaczek, Jonathon"]
[Black "Pottinger, Carl"]
[Result "1-0"]
[WhiteElo "2278"]
[BlackElo "1904"]
[PlyCount "51"]
[EventDate "2011.08.09"]
[EventType "swiss"]
[EventRounds "4"]
[EventCountry "CAN"]
[SourceTitle "EXT 2022"]
[Source "ChessBase"]
[SourceDate "2021.10.06"]
[SourceVersion "1"]
[SourceVersionDate "2021.10.06"]
[SourceQuality "1"]

1. e4 c5 2. Nf3 d6 3. d4 cxd4 4. Nxd4 Nf6 5. Nc3 g6 6. Be3 Bg7 7. f3 0-0 8. Qd2 Nc6 9. Bc4 Bd7 10. Bb3 Rc8 11. 0-0-0 Ne5 12. Kb1 Re8 13. g4 Nc4 14. Bxc4 Rxc4 15. h4 Qa5 16. Nb3 Qc7 17. e5 Nxg4 18. fxg4 Bxg4 19. exd6 exd6 20. Rde1 Rxc3 21. Bd4 Rxe1+ 22. Rxe1 Rxb3 23. Re8+ Bf8 24. Qh6 Rxb2+ 25. Bxb2 Qe7 26. Qg7# 1-0

[Event "Winnipeg TNT August op"]
[Site "Winnipeg"]
[Date "2011.08.09"]
[Round "1"]
[White "Pottinger, Carl"]
[Black "Baron, Cody"]
[Result "1-0"]
[WhiteElo "1883"]
[BlackElo "1327"]
[PlyCount "91"]
[EventDate "2011.08.09"]
[EventType "swiss"]
[EventRounds "4"]
[EventCountry "CAN"]
[SourceTitle "EXT 2022"]
[Source "ChessBase"]
[SourceDate "2021.10.06"]
[SourceVersion "1"]
[SourceVersionDate "2021.10.06"]
[SourceQuality "1"]

1. c4 g6 2. g3 Nc6 3. Bg2 Ne5 4. d3 Bg7 5. Nc3 Nh6 6. Nf3 Nc6 7. 0-0 Bxc3 8. bxc3 Ng8 9. d4 f6 10. e4 b6 11. d5 Na5 12. Qe2 Ba6 13. Nd2 b5 14. cxb5 Bb7 15. c4 c6 16. Bb2 c5 17. e5 Qb6 18. exf6 Nxf6 19. Rfe1 Qd6 20. Bxf6 Qxf6 21. Ne4 Qe5 22. Nxc5 Qxe2 23. Rxe2 Rc8 24. Nxb7 Nxb7 25. Rd1 Nd6 26. Rde1 Rxc4 27. Rxe7+ Kd8 28. Bh3 Rc7 29. a4 Re8 30. Rxe8+ Nxe8 31. Rb1 Rc5 32. Bg2 Kc7 33. h4 Kb6 34. Re1 Nc7 35. Re7 Nxd5 36. Rxd7 Nc3 37. Rb7+ Ka5 38. Rxa7+ Kb4 39. b6 Nxa4 40. b7 Rb5 41. Bc6 Rb6 42. Bxa4 Rxb7 43. Rxb7+ Kxa4 44. Rxh7 Kb4 45. Rg7 Kc4 46. Rxg6 1-0

[Event "Winnipeg TNT July op"]
[Site "Winnipeg"]
[Date "2011.07.19"]
[Round "3"]
[White "Milord, Frank"]
[Black "Pottinger, Carl"]
[Result "0-1"]
[WhiteElo "1662"]
[BlackElo "1892"]
[PlyCount "44"]
[EventDate "2011.07.05"]
[EventType "swiss"]
[EventRounds "4"]
[EventCountry "CAN"]
[SourceTitle "EXT 2022"]
[Source "ChessBase"]
[SourceDate "2021.10.06"]
[SourceVersion "1"]
[SourceVersionDate "2021.10.06"]
[SourceQuality "1"]

1. d4 Nf6 2. c4 e6 3. Nc3 c5 4. d5 exd5 5. cxd5 d6 6. e4 g6 7. Nf3 Bg7 8. Bd3 0-0 9. 0-0 Bg4 10. h3 Bxf3 11. Qxf3 a6 12. a4 Nbd7 13. Bf4 Qe7 14. Rfe1 Ne5 15. Bxe5 Qxe5 16. Rab1 Nd7 17. Qe3 Rfe8 18. a5 Qe7 19. Qd2 Qh4 20. Ne2 Ne5 21. Qf4 Qxf4 22. Nxf4 Bh6 0-1

[Event "Winnipeg TNT July op"]
[Site "Winnipeg"]
[Date "2011.07.05"]
[Round "1"]
[White "Baron, Cody"]
[Black "Pottinger, Carl"]
[Result "0-1"]
[WhiteElo "1302"]
[BlackElo "1892"]
[PlyCount "70"]
[EventDate "2011.07.05"]
[EventType "swiss"]
[EventRounds "4"]
[EventCountry "CAN"]
[SourceTitle "EXT 2022"]
[Source "ChessBase"]
[SourceDate "2021.10.06"]
[SourceVersion "1"]
[SourceVersionDate "2021.10.06"]
[SourceQuality "1"]

1. e4 c5 2. Nc3 d6 3. Bb5+ Bd7 4. Nf3 Nf6 5. d3 g6 6. Bc4 Bg7 7. Ng5 e6 8. Bf4 Qb6 9. b3 0-0 10. 0-0 a6 11. f3 Qc7 12. Qe1 b5 13. Bd5 exd5 14. Rd1 h6 15. Nh3 Bxh3 16. gxh3 d4 17. e5 dxe5 18. Bxe5 Qd7 19. Ne4 Nxe4 20. Qxe4 Nc6 21. Bxg7 Kxg7 22. Qg4 Qxg4+ 23. hxg4 Nb4 24. c4 bxc4 25. dxc4 Nxa2 26. Rfe1 Rfe8 27. Rxe8 Rxe8 28. Ra1 Nb4 29. Kg2 Re3 30. Ra5 d3 31. Ra1 Re2+ 32. Kg3 d2 33. Rd1 Nc2 34. Rb1 Re1 35. Rxe1 dxe1Q+ 0-1

[Event "Winnipeg MCA Champions"]
[Site "Winnipeg"]
[Date "2010.11.02"]
[Round "1"]
[White "Pottinger, Carl"]
[Black "Boron, Anthony"]
[Result "1/2-1/2"]
[WhiteElo "1808"]
[BlackElo "2014"]
[PlyCount "88"]
[EventDate "2010.11.02"]
[EventType "swiss"]
[EventRounds "6"]
[EventCountry "CAN"]
[SourceTitle "EXT 2019"]
[Source "ChessBase"]
[SourceDate "2018.10.10"]
[SourceVersion "1"]
[SourceVersionDate "2018.10.10"]
[SourceQuality "1"]

1. c4 b6 2. g3 Bb7 3. Nf3 c5 4. Bg2 Nf6 5. 0-0 g6 6. Nc3 Bg7 7. d3 0-0 8. e4 d6 9. h3 Nbd7 10. Be3 e6 11. Qd2 Re8 12. d4 Nxe4 13. Nxe4 Bxe4 14. dxc5 Nxc5 15. Bd4 e5 16. Be3 Qc7 17. Rad1 Rad8 18. Rfe1 Bb7 19. Bh6 Ne6 20. Bxg7 Kxg7 21. b3 Bc6 22. Nh2 Bxg2 23. Kxg2 Nd4 24. Re3 f5 25. Rd3 Re7 26. Rxd4 exd4 27. Qxd4+ Kg8 28. Qd5+ Kf8 29. Nf3 Qb7 30. Qd4 Kg8 31. Qf6 Rdd7 32. Rd5 Qb8 33. Qg5 Qf8 34. Qd2 Qf6 35. Ne1 Qe6 36. Nd3 Qe4+ 37. Kg1 Qe2 38. Qg5 Qf3 39. h4 Re6 40. Qf4 Qxf4 41. Nxf4 Re1+ 42. Kg2 Kf7 43. Rd2 Re5 44. Nd5 Ke6 1/2-1/2

[Event "Winnipeg TNT September op"]
[Site "Winnipeg"]
[Date "2010.09.07"]
[Round "1.4"]
[White "Pottinger, Carl"]
[Black "Bince, Rolando"]
[Result "1/2-1/2"]
[WhiteElo "1766"]
[BlackElo "2132"]
[PlyCount "62"]
[EventDate "2010.09.07"]
[EventType "swiss"]
[EventRounds "4"]
[EventCountry "CAN"]
[SourceTitle "EXT 2022"]
[Source "ChessBase"]
[SourceDate "2021.10.06"]
[SourceVersion "1"]
[SourceVersionDate "2021.10.06"]
[SourceQuality "1"]

1. c4 Nf6 2. g3 e5 3. Bg2 c6 4. b3 d5 5. d3 Be6 6. Nf3 Nbd7 7. 0-0 h6 8. Bb2 Bd6 9. cxd5 cxd5 10. Nc3 0-0 11. Nb5 Bb8 12. Rc1 a6 13. Nc3 Ba7 14. Rc2 b5 15. Qd2 Rc8 16. Rfc1 Qb6 17. e3 Qb8 18. Ne2 Rxc2 19. Qxc2 Ng4 20. Qc7 Qxc7 21. Rxc7 Bb8 22. Rc6 a5 23. Nc3 b4 24. Na4 Bf5 25. Ne1 e4 26. dxe4 dxe4 27. Nc5 Rd8 28. Nb7 Re8 29. Nxa5 Be5 30. Nc4 Bxb2 31. Nxb2 Rd8 1/2-1/2

[Event "Winnipeg TNT May op"]
[Site "Winnipeg"]
[Date "2009.05.26"]
[Round "4"]
[White "Trueman, Francis"]
[Black "Pottinger, Carl"]
[Result "1/2-1/2"]
[WhiteElo "1498"]
[BlackElo "1806"]
[PlyCount "41"]
[EventDate "2009.05.05"]
[EventType "swiss"]
[EventRounds "4"]
[EventCountry "CAN"]
[SourceTitle "EXT 2011"]
[Source "ChessBase"]
[SourceDate "2010.11.26"]
[SourceVersion "1"]
[SourceVersionDate "2010.11.26"]
[SourceQuality "1"]

1. Nf3 c5 2. d3 g6 3. g3 Nf6 4. Bg2 Bg7 5. 0-0 0-0 6. Nbd2 Nc6 7. Re1 d6 8. e4 e5 9. a4 Nh5 10. c3 f5 11. Nf1 f4 12. h4 fxg3 13. fxg3 Bg4 14. Qb3+ Kh8 15. Ng5 Qf6 16. Be3 Rab8 17. Nh2 Bd7 18. Rf1 Qe7 19. Nf7+ Kg8 20. Nh6+ Kh8 21. Nf7+ 1/2-1/2

[Event "Winnipeg Mike Shpan Memorial"]
[Site "Winnipeg"]
[Date "2008.12.02"]
[Round "4"]
[White "Ott, Richard"]
[Black "Pottinger, Carl"]
[Result "0-1"]
[WhiteElo "1460"]
[BlackElo "1813"]
[PlyCount "70"]
[EventDate "2008.11.04"]
[EventType "tourn"]
[EventRounds "7"]
[EventCountry "CAN"]
[SourceTitle "EXT 2011"]
[Source "ChessBase"]
[SourceDate "2010.11.26"]
[SourceVersion "1"]
[SourceVersionDate "2010.11.26"]
[SourceQuality "1"]

1. d4 Nf6 2. c4 e6 3. Nc3 c6 4. Qc2 d5 5. cxd5 cxd5 6. Nf3 Be7 7. Bf4 Bd7 8. e3 0-0 9. Rd1 Nc6 10. Qd2 Bb4 11. Bd3 Rc8 12. 0-0 Qa5 13. Qe2 Bxc3 14. bxc3 Qxc3 15. e4 Nxd4 16. Nxd4 Qxd4 17. Bb1 Qa4 18. Qf3 Nxe4 19. Be5 f5 20. Rd4 Rc4 21. Rfd1 Rxd4 22. Bxd4 Qc6 23. Qf4 Nf6 24. h3 b6 25. Qe5 Rc8 26. Qg3 Qc7 27. Qg5 e5 28. Bb2 d4 29. Bxf5 Bxf5 30. Qxf5 Re8 31. Rc1 Qe7 32. Ba3 Qxa3 33. Rc7 Re7 34. Rc8+ Ne8 35. h4 Qd6 0-1

[Event "Winnipeg Mike Shpan Memorial"]
[Site "Winnipeg"]
[Date "2008.11.25"]
[Round "3"]
[White "Crawford, Gary"]
[Black "Pottinger, Carl"]
[Result "0-1"]
[WhiteElo "1321"]
[BlackElo "1813"]
[PlyCount "62"]
[EventDate "2008.11.04"]
[EventType "tourn"]
[EventRounds "7"]
[EventCountry "CAN"]
[SourceTitle "EXT 2011"]
[Source "ChessBase"]
[SourceDate "2010.11.26"]
[SourceVersion "1"]
[SourceVersionDate "2010.11.26"]
[SourceQuality "1"]

1. e4 c5 2. Nf3 d6 3. d4 cxd4 4. Bc4 Nc6 5. c3 dxc3 6. Nxc3 g6 7. Qb3 e6 8. Bg5 Be7 9. Bxe7 Qxe7 10. 0-0 Nf6 11. Qb5 0-0 12. Qg5 Ne8 13. Qh6 Qf6 14. a3 Qg7 15. Qd2 a6 16. b4 b5 17. Bb3 Bb7 18. Rac1 Rc8 19. Rfe1 Rd8 20. Qe3 Nf6 21. Qb6 Rb8 22. Qe3 Ng4 23. Qf4 Nge5 24. Nxe5 Qxe5 25. Qxe5 Nxe5 26. Red1 Rfd8 27. f3 Nc4 28. a4 d5 29. axb5 Ne3 30. Rd3 d4 31. Bc4 Nxc4 0-1